[Event "BEL-ch op"]
[Site "Namur"]
[Date "2009.07.09"]
[Round "6"]
[White "Le Quang, Kim"]
[Black "Swysen, Lars"]
[Result "1-0"]
[WhiteElo "2333"]
[BlackElo "1891"]
[PlyCount "73"]
[EventDate "2009.07.04"]
[EventType "swiss"]
[EventRounds "9"]
[EventCountry "BEL"]
[SourceTitle "EXT 2010"]
[Source "ChessBase"]
[SourceDate "2010.11.25"]
[SourceVersion "1"]
[SourceVersionDate "2010.11.25"]
[SourceQuality "1"]

1. c4 e5 2. g3 Nc6 3. Bg2 g6 4. Nc3 Bg7 5. e4 d6 6. Nge2 f5 7. d3 Nf6 8. 0-0 0-0 9. Nd5 h6 10. h3 g5 11. exf5 Bxf5 12. Ne3 Bg6 13. Qb3 Rb8 14. Bd2 Nd7 15. Be4 Nc5 16. Qc2 Bxe4 17. dxe4 Ne6 18. Bc3 Ned4 19. Bxd4 exd4 20. Nf5 Qf6 21. a3 d3 22. Qxd3 Qxb2 23. Rab1 Qf6 24. f4 Ne7 25. Ned4 gxf4 26. Rxf4 Nc6 27. Nxc6 bxc6 28. Rbf1 Kh7 29. e5 Qe6 30. Ne7+ Kh8 31. Ng6+ Kg8 32. Nxf8 Rxf8 33. Rxf8+ Bxf8 34. Qf5 Qxf5 35. Rxf5 d5 36. a4 d4 37. Kf2 1-0